| Tag |
First Indicator |
Second Indicator |
Subfields |
| LEADER |
00000cam a2200000Ii 4500 |
| 001 |
in00004345461 |
| 008 |
200810t20202020nyu 000 1 eng d |
| 005 |
20250318222829.1 |
| 019 |
|
|
|a 1153460792
|
| 020 |
|
|
|a 9780062906618
|
| 020 |
|
|
|a 0062906615
|q (paperback)
|
| 035 |
|
|
|a (OCoLC)on1182928188
|
| 035 |
|
|
|a (OCoLC)1182928188
|z (OCoLC)1153460792
|
| 040 |
|
|
|a CLE
|b eng
|e rda
|c CLE
|d YDXIT
|d YDX
|
| 050 |
|
4 |
|a PR6062.E9546
|b M92 2020
|
| 082 |
0 |
4 |
|a 823/.914
|2 23
|
| 100 |
1 |
|
|a Lewis, Susan,
|d 1956-
|e author.
|
| 245 |
1 |
0 |
|a My lies, your lies /
|c Susan Lewis.
|
| 250 |
|
|
|a First U.S. edition.
|
| 264 |
|
1 |
|a New York, NY :
|b William Morrow, an imprint of HarperCollins Publishers,
|c [2020]
|
| 264 |
|
4 |
|c ©2020
|
| 300 |
|
|
|a 399, 10 pages ;
|c 21 cm
|
| 336 |
|
|
|a text
|b txt
|2 rdacontent
|
| 337 |
|
|
|a unmediated
|b n
|2 rdamedia
|
| 338 |
|
|
|a volume
|b nc
|2 rdacarrier
|
| 500 |
|
|
|a "There are two sides to every story..."--Cover.
|
| 520 |
|
|
|a "Joely tells other people's secrets for a living. As a ghost writer, she's used to scandal - but this just might be her strangest assignment yet. Freda has never told her story to anyone before. But now she's ready to set the record straight and to right a wrong that's haunted her for forty years. Freda's memoir begins with a 15-year-old girl falling madly in love with her teacher. It ends in a way Joely could never possibly have imagined. As the story unravels, Joely is spun deeper into a world of secrets and lies. Delving further into Freda's past, Joely's sure she can uncover the truth... But does she want to?"--Publisher.
|
| 650 |
|
0 |
|a Secrecy
|v Fiction.
|
| 650 |
|
0 |
|a Ghostwriters
|v Fiction.
|
| 650 |
|
0 |
|a Truthfulness and falsehood
|v Fiction.
|
| 655 |
|
7 |
|a Thrillers (Fiction)
|2 lcgft
|
| 852 |
8 |
|
|b pda,print
|z This title is available for the library to purchase for your use. Click the "Purchase It For Me" button to place a request. This item may take 5-10 business days to arrive.
|
| 955 |
|
|
|a Print PDA title
|
| 961 |
|
|
|m 565730
|
| 999 |
f |
f |
|s 868bbfa7-f073-4740-a598-443f562355bf
|i 3952d3f7-8aec-3bfd-9616-2e6f1135f285
|t 0
|
| 952 |
f |
f |
|a Texas A&M University
|b College Station
|c Sterling C. Evans Library
|d Purchase on Demand
|t 0
|e PR6062.E9546 M92 2020
|h Library of Congress classification
|
| 998 |
f |
f |
|a PR6062.E9546 M92 2020
|t 0
|l Purchase on Demand
|